Gold or Silver Blitz Quiz Stats

 Plays Quiz Updated Aug 20, 2019

Score 0/44 Timer 02:00
1 Play Today
Thing G or S % Correct
Cause of 'rush' to California in 1849???
86%
McDonald's arches???
85.8%
_____ Digger - 2005 Kanye West song???
85.5%
Fool's _____ - mineral pyrite???
85.4%
Outcome of Midas touch???
84.6%
Solid _____ - 80s pop-music TV series???
82.5%
Guarded in Fort Knox???
82.3%
Long John _____ - antagonist in Treasure Island???
81.9%
ABBA _____ - ABBA's greatest hits album???
81.5%
_____ Coast - former name of Ghana???
81.2%
World's second most popular car color???
81%
_____ Surfer - Marvel superhero???
80.4%
The wealthy are born with a _____ spoon in their mouth???
79.9%
_____ Linings Playbook - 2012 movie???
79.9%
The _____ screen - the cinema industry???
79.6%
Lone Ranger's horse???
77.4%
C-3PO color???
76.1%
Color of a Terminator's endoskeleton???
74.6%
Black and _____ - 2008 Sam Sparro song???
72.6%
_____ halide - ingredient in photographic film???
70%
_____ jubilee - 25th anniversary celebration???
69.6%
_____ Award - highest achievement within the Girl Scouts of the USA???
69.2%
Thing G or S % Correct
Main color of soccer World Cup trophy???
67.5%
Ari _____ - 'Entourage' agent character???
65.6%
_____ fern - tree fern associated with New Zealand???
64.7%
American _____ buffalo - US official ____ bullion coin???
64.4%
Platter holding the head of John the Baptist???
63.9%
The _____ Room - vault in Swedish History Museum???
62.5%
_____ and Black - nickname of Raiders NFL team???
62%
Etymology of 'Argentina'???
60.7%
_____fish - freshwater & aquarium fish???
60.3%
Chemical element Ag???
59.2%
Main color of Superbowl trophy???
57.2%
Nancy Kerrigan's medal at 1994 Winter Olympics???
56.8%
Main ingredient in Olympic gold medals???
56.7%
Old _____ - Wolverhampton Wanderers soccer shirts???
56.5%
Color of Agate Casket of Oviedo???
56%
Lalibela Cross color???
55.5%
Rio de la Plata, or 'river of _____' in English???
52.5%
_____ Airways, LLC. - US southeast regional airline???
51.8%
Color of a Klingon Bat'leth???
49.9%
Color of Anglia knight, former logo of ITV Anglia???
49.6%
Color of 50 Euro cents coin???
47.3%
Y-Wing squadron in attack on the Death Star???
47%

You're not logged in!

Compare scores with friends on all Sporcle quizzes.
OR
Log In

Sporcle TV

Today on Sporcle TV


Watch our educational content, quiz creation guides, and fun videos on Sporcle TV.

Show Comments

Extras

Top Quizzes Today


Score Distribution

Your Account Isn't Verified!

In order to create a playlist on Sporcle, you need to verify the email address you used during registration. Go to your Sporcle Settings to finish the process.

Report this User

Report this user for behavior that violates our Community Guidelines.

Details: